Innovative Activity - What Are the Experiences of Czech Businesses?

Inovácie ako významná hnacia sila hospodárskeho a sociálneho rozvoja. Skúmanie inovačných aktivít v oblasti podnikania v ČR. Rozbor hybných síl a inovačných bariér. Použitie dotazníkovej metódy.

Salvato in:
Dettagli Bibliografici
Autore principale: Kubík, Josef
Natura: Capitolo di libro
Lingua:inglese
Soggetti:
Tags: Aggiungi Tag
Nessun Tag, puoi essere il primo ad aggiungerne!!

MARC

LEADER 00000naa a2200000 4500
001 0281839
005 20240417075152.8
041 0 |a eng 
044 |a CZ 
245 1 0 |a Innovative Activity - What Are the Experiences of Czech Businesses?  |c Josef Kubík 
520 |a Inovácie ako významná hnacia sila hospodárskeho a sociálneho rozvoja. Skúmanie inovačných aktivít v oblasti podnikania v ČR. Rozbor hybných síl a inovačných bariér. Použitie dotazníkovej metódy. 
610 2 0 |a inovácia 
610 2 0 |a podnikanie 
610 2 0 |a dotazníky 
610 2 0 |a bariéry inovačné 
610 2 0 |a Česko 
100 1 |a Kubík, Josef